000 01529nam a22003257a 4500
003 EG-GICUC
005 20260121101155.0
008 251107s2003 ua ||||fr|||| 00| 0 ara d
017 _a2003/1826
040 _a EG-GICUC
_bara
_c EG-GICUC
_d EG-GICUC
_erda
041 _aara
082 0 4 _221
_a343.397
_bس م .م
092 0 4 _221
099 _aLaw1 10 343.397 4 ed - 2003
100 0 _aسمير الأمين
_eمؤلف.
245 _aالمشكلات العملية في مراقبة التليفون والتسجيلات الصوتية والمرئية وأثرهما في الإثبات الجنائي /
_cسمير الأمين
250 _aالطبعة الرابعة
264 _aالشيخ ريحان :
_b المركز القومي للإصدارات القانونية ,
_c2003 .
300 _a128 صفحة;
_c24 سم
336 _2rda content
_atext
337 _2rda media
_aComputer
338 _2rda carrier
_aOnline Resource
505 _a اهم الدفوع المتعلقة بهما فى قضايا المخدرات، القتل و الخطف، الدعارة، تجارة السلاح، الرشوة، الارهاب : احكام محكمة النقض و تعليمات النيابة العامه
546 _aالنص باللغة العربية
650 1 _aقانون جنائي
650 1 _aالوسائل العلمية الحديثة والإثبات الجنائي
856 4 0 _uhttps://fll.law.cu.edu.eg/fulltext/bks/B10-05935.pdf
905 _a44
_eYara
942 _2ddc
_cBK
_e21
_n0
999 _c41669
_d41669